| 000 | 01031nam a22003377a 4500 | ||
|---|---|---|---|
| 001 | 0014557 | ||
| 003 | KOHA_MİRAKIL | ||
| 005 | 20260207001959.0 | ||
| 007 | ta | ||
| 008 | 100304b1988 tu |||gro|||#1|||0|tur | | ||
| 020 | _cYTL0,01 | ||
| 040 |
_aTR-BiSEU _btur _cTR-BiSEU _erda |
||
| 041 | 0 | _atur | |
| 044 | _ctu | ||
| 050 |
_aTA5 _b.B35 1988 |
||
| 111 | 2 |
_aBalıkesir Mühendislik Sempozyumu ( 1988 : Balıkesir) _933947 |
|
| 245 | 1 |
_aI. Balıkesir mühendislik sempozyumu : _b26-27 Nisan 1988. |
|
| 264 | 1 |
_aBursa : _bUludağ Üniversitesi _c1988 |
|
| 300 | _a931 sayfa; 24 cm. | ||
| 336 |
_ametin _btxt _2rdacontent |
||
| 337 |
_aaracısız _bn _2rdamedia |
||
| 338 |
_acilt _bnc _2rdacarrier |
||
| 490 | 0 | _aUludağ Üniversitesi yayın no. | |
| 490 | 0 | _a: 5-002-0164 | |
| 650 | 0 |
_aMakine mühendisliği--Kongreler. _933948 |
|
| 650 | 0 |
_aMechanical engineering--Congresses. _933949 |
|
| 830 | 0 |
_aUludağ Üniversitesi yayın no. _933950 |
|
| 830 | 0 |
_a: 5-002-0164 _933951 |
|
| 907 | _aSempozyum | ||
| 942 |
_2lcc _cBK |
||
| 999 |
_c14520 _d14520 |
||